The cheese experiment / (Record no. 31412)

MARC details
000 -LEADER
fixed length control field 01413cam a2200397 i 4500
001 - CONTROL NUMBER
control field on1064328894
003 - CONTROL NUMBER IDENTIFIER
control field OCoLC
005 - DATE AND TIME OF LATEST TRANSACTION
control field 20260109030002.0
008 - FIXED-LENGTH DATA ELEMENTS--GENERAL INFORMATION
fixed length control field 180503r20182016enkab j 000 1 eng d
015 ## - NATIONAL BIBLIOGRAPHY NUMBER
National bibliography number GBB8C5306
Source bnb
016 7# - NATIONAL BIBLIOGRAPHIC AGENCY CONTROL NUMBER
Record control number 018933366
Source Uk
020 ## - INTERNATIONAL STANDARD BOOK NUMBER
International Standard Book Number 9781782263722
Qualifying information (paperback)
020 ## - INTERNATIONAL STANDARD BOOK NUMBER
International Standard Book Number 1782263721
040 ## - CATALOGING SOURCE
Original cataloging agency UKMGB
Language of cataloging eng
Description conventions rda
Transcribing agency UKMGB
Modifying agency NZOPM
-- OCLCQ
-- OCLCL
-- JTE
041 1# - LANGUAGE CODE
Language code of text/sound track or separate title eng
Language code of original ita
100 1# - MAIN ENTRY--PERSONAL NAME
Personal name Stilton, Geronimo,
Relator term author.
240 10 - UNIFORM TITLE
Uniform title <a href="Strano caso dei brufoli blu.">Strano caso dei brufoli blu.</a>
Language of a work English.
245 14 - TITLE STATEMENT
Title The cheese experiment /
Statement of responsibility, etc. Geronimo Stilton.
264 #1 - PRODUCTION, PUBLICATION, DISTRIBUTION, MANUFACTURE, AND COPYRIGHT NOTICE
Place of production, publication, distribution, manufacture Leicester :
Name of producer, publisher, distributor, manufacturer Sweet Cherry Publishing,
Date of production, publication, distribution, manufacture, or copyright notice 2018.
300 ## - PHYSICAL DESCRIPTION
Extent 98 pages :
Other physical details illustrations (black and white), maps (black and white) ;
Dimensions 20 cm.
336 ## - CONTENT TYPE
Content type term text
Content type code txt
Source rdacontent.
336 ## - CONTENT TYPE
Content type term still image
Content type code sti
Source rdacontent.
336 ## - CONTENT TYPE
Content type term cartographic image
Content type code cri
Source rdacontent.
337 ## - MEDIA TYPE
Media type term unmediated
Media type code n
Source rdamedia.
338 ## - CARRIER TYPE
Carrier type term volume
Carrier type code nc
Source rdacarrier.
490 0# - SERIES STATEMENT
Series statement Geronimo Stilton.
500 ## - GENERAL NOTE
General note TV tie-in.
500 ## - GENERAL NOTE
General note Translated from the Italian.
500 ## - GENERAL NOTE
General note This translation originally published: New York: Scholastic Inc., 2016.
600 10 - SUBJECT ADDED ENTRY--PERSONAL NAME
Personal name Stilton, Geronimo
Form subdivision Juvenile fiction.
600 17 - SUBJECT ADDED ENTRY--PERSONAL NAME
Personal name Stilton, Geronimo.
Source of heading or term fast
Authority record control number (OCoLC)fst01737156.
655 #0 - INDEX TERM--GENRE/FORM
Genre/form data or focus term Children's stories.
655 #7 - INDEX TERM--GENRE/FORM
Genre/form data or focus term Fiction.
Source of term fast
Authority record control number (OCoLC)fst01423787.
655 #7 - INDEX TERM--GENRE/FORM
Genre/form data or focus term Juvenile works.
Source of term fast
Authority record control number (OCoLC)fst01411637.
942 ## - ADDED ENTRY ELEMENTS (KOHA)
Source of classification or shelving scheme Dewey Decimal Classification
Koha item type Libro/Book
Holdings
Withdrawn status Lost status Damaged status Not for loan Home library Current library Date acquired Total Checkouts Full call number Barcode Date last seen Price effective from Koha item type
        San Juan Del Sur -- Biblioteca San Juan Del Sur -- Biblioteca 09/01/2026   JFG 30031036 09/01/2026 09/01/2026 Libro/Book

Powered by Koha